000 00780nam a2200241 a 4500
001 000032180
003 OSt
005 20240412074255.0
008 110713s1944 dr r 000 p spa d
040 _aDO-SdBNP
_bspa
_cBNPHU
082 4 _aRD861.42
_bM843d, 1944
_222
100 1 _aMoreno Jimenes, Domingo,
_d1894-1986
_919534
245 1 0 _aDos tercios del diario de la aldea /
_cDomingo Moreno Jimenes.
246 1 4 _aEl diario de la aldea
250 _a3a. ed.
260 _aSantiago de los Caballeros, República Dominicana :
_bLibrería Dominicana,
_c1944.
300 _a[24] p. ;
_c14 cm.
590 _aInventariado, 2018/BT
650 0 _aPoesía dominicana
_966
650 0 _aLiteratura dominicana.
_967
910 _aValidado. Control de calidad MFF
942 _2ddc
_cLBS1
999 _c31671
_d31671